Old Testament Who's Who Quiz Stats

 Plays Quiz Updated Aug 22, 2012

Challenge
Share
Tweet
Embed
Score 0/28 Timer 06:00
4 Plays Today
Description Bible Person % Correct
Adam and Eve's first sonCain
96.1%
Delivered Ten Commandments from God to IsraelMoses
94.3%
'Father of a multitude', first patriarchAbraham
92.4%
Philistine giant, slain by DavidGoliath
85.2%
Second son of Adam and Eve, murdered by his brotherAbel
84.5%
Jacob's favorite son, became a viceroy to Pharaoh in Egypt, storing grain to carry them through famineJoseph
82.9%
Brother and spokesman for MosesAaron
81.6%
David's son and successor as King of IsraelSolomon
78.4%
Wife of Abraham; at age 90 gives birth to sonSarah
78.3%
Philistine woman who enticed Samson to reveal secret of his strengthDelilah
75.3%
Jacob's favorite wife; mother of JosephRachel
74.2%
Son of Abraham and Sarah, his name means 'laughter'Isaac
70%
First king of IsraelSaul
68.9%
Older twin son of Isaac, sold his birthright for a bowl of lentil soupEsau
67.3%
Description Bible Person % Correct
Egyptian maidservant of Sarah; mother of IshmaelHagar
67%
Younger twin son of Isaac; name changed to 'Israel'Jacob
65.1%
Son of Abraham by Egyptian handmaiden HagarIshmael
63.1%
Jacob's youngest son, born to RachelBenjamin
62.7%
Jewish captive in Babylon who interpreted dreamsDaniel
57.4%
Mother-in-law of RuthNaomi
54.5%
Third son of Jacob; priestly tribeLevi
53.7%
Noah's son, father of Mizraim, Cush, Phut, and CanaanHam
53.2%
Third son of Adam and EveSeth
52.8%
Noah's son from whom came the HebrewsShem
50%
Last Judge of ancient Israel; anointed kings Saul and DavidSamuel
47.6%
Judge of Israel; mentor of SamuelEli
41.8%
David's son who attempted to usurp the throneAbsalom
37.1%
Prophesied of 'famine of the word'Amos
17.2%

You're not logged in!

Compare scores with friends on all Sporcle quizzes.
OR
Log In

You Might Also Like...

Show Comments

Extras

Top Quizzes Today


Score Distribution

Your Account Isn't Verified!

In order to create a playlist on Sporcle, you need to verify the email address you used during registration. Go to your Sporcle Settings to finish the process.

Report this User

Report this user for behavior that violates our Community Guidelines.

Details: